书目信息 |
| 题名: |
金融监管治理
|
|
| 作者: | 洪艳蓉 著 | |
| 分册: | ||
| 出版信息: | 北京 北京大学出版社 2017 |
|
| 页数: | 16, 434页 | |
| 开本: | 23cm | |
| 丛书名: | 国际金融法论丛 | |
| 单 册: | ||
| 中图分类: | D922.28 , D922.280.4 | |
| 科图分类: | ||
| 主题词: | 金融监管--jin rong jian guan--金融法--研究--中国 | |
| 电子资源: | ||
| ISBN: | 978-7-301-28768-2 | |
| 000 | 01737nam 2200337 450 | |
| 001 | 012017000057 | |
| 005 | 20180116150803.89 | |
| 010 | @a978-7-301-28768-2@b@dCNY68.00 | |
| 100 | @a20171106d2017 em y0chiy0121 ea | |
| 101 | 0 | @achi |
| 102 | @aCN@b110000 | |
| 105 | @ay a 000yy | |
| 106 | @ar | |
| 200 | 1 | @a金融监管治理@Ajin rong jian guan zhi li@e关于证券监管独立性的思考@d= Financial regulatory governance@ethinking on the independence of securities regulation@f洪艳蓉著@g@zeng |
| 210 | @a北京@c北京大学出版社@d2017 | |
| 215 | @a16, 434页@c@d23cm | |
| 225 | 2 | @a国际金融法论丛@Aguo ji jin rong fa lun cong |
| 300 | @a本书系在国家社科基金项目“金融监管独立性研究”(项目批准号: 06CFX015) 研究成果的基础上完善而成 | |
| 314 | @a洪艳蓉, 女, 厦门大学法学博士, 北京大学法学院博士后, 现任北京大学法学院副教授等。 | |
| 320 | @a有书目 (第411-426页) | |
| 330 | @a金融监管的有效性取决于良好的监管治理, 需要监管者自省其身, 改进内部治理并构建有效的独立性保障, 以此避免监管者动辄受到政治干预和商业捕获, 同时基于监管目标尽责履职, 接受问责约束。本书在比较研究和系统分析的基础上回答了为什么需要监管独立性、什么是独立性、如何实现独立性、如何制约独立性和如何运用独立性等系列问题, 提出了应将监管治理列为中国未来金融监管改革重要内容的观点。 | |
| 410 | 0 | @12001 @a国际金融法论丛 |
| 510 | 1 | @aFinancial regulatory governance@ethinking on the independence of securities regulation@zeng |
| 517 | 1 | @a关于证券监管独立性的思考@Aguan yu zheng quan jian guan du li xing de si kao |
| 606 | 0 | @a金融监管@Ajin rong jian guan@x金融法@x研究@y中国 |
| 690 | @aD922.28@v5 | |
| 690 | @aD922.280.4@v4 | |
| 701 | 0 | @a洪艳蓉@Ahong yan rong@4著 |
| 801 | 0 | @aCN@b湖北三新@c20171106@g |
| 905 | @aBZT@dD922.280.4@e2 | |
| 906 | @dCNY68.00@n5@r1 | |
| 金融监管治理:关于证券监管独立性的思考= Financial regulatory governance:thinking on the independence of securities regulation/洪艳蓉著.-北京:北京大学出版社,2017 |
| 16, 434页;23cm.-(国际金融法论丛) |
| 本书系在国家社科基金项目“金融监管独立性研究”(项目批准号: 06CFX015) 研究成果的基础上完善而成 |
| ISBN 978-7-301-28768-2:CNY68.00 |
| 金融监管的有效性取决于良好的监管治理, 需要监管者自省其身, 改进内部治理并构建有效的独立性保障, 以此避免监管者动辄受到政治干预和商业捕获, 同时基于监管目标尽责履职, 接受问责约束。本书在比较研究和系统分析的基础上回答了为什么需要监管独立性、什么是独立性、如何实现独立性、如何制约独立性和如何运用独立性等系列问题, 提出了应将监管治理列为中国未来金融监管改革重要内容的观点。 |
| ● |
| 相关链接 |
|
|
|
正题名:金融监管治理
索取号:D922.280.4/2
 
预约/预借
| 序号 | 登录号 | 条形码 | 馆藏地/架位号 | 状态 | 备注 |
| 1 | 842310 | 2000842310 | 第二书库/ [索取号:D922.280.4/2] | 在馆 | |
| 2 | 842311 | 2000842311 | 第二书库/ [索取号:D922.280.4/2] | 在馆 | |
| 3 | 842312 | 2000842312 | 第二书库/ [索取号:D922.280.4/2] | 在馆 | |
| 4 | 842313 | 2000842313 | 第二书库/ [索取号:D922.280.4/2] | 在馆 | |
| 5 | 842314 | 2000842314 | 第二书库/ [索取号:D922.280.4/2] | 在馆 |